| 000 | 01292nam a22002657a 4500 | ||
|---|---|---|---|
| 005 | 20190814115606.0 | ||
| 008 | 170508b mx||||| |||| 00| 0 spa d | ||
| 020 | _a9682448050 | ||
| 040 | _aUTEA | ||
| 041 | _aEs | ||
| 044 | _aME | ||
| 082 |
_a370.15 _bR74 |
||
| 100 |
_aRodriguez Rivera, Victor Matias _eAutor |
||
| 245 |
_aPsicología Técnica Pedagógica _bTeoría y Práctica _cVictor Matías Rodriguez Rivera |
||
| 250 | _a1a edición | ||
| 260 |
_aMéxico - México _bTrillas _c1994 |
||
| 300 |
_a373 páginas. _bTablas, Figuras _c15 x 23 cm. |
||
| 505 | _aOrigen, concepto, fundamentos y tareas de la psicotécnica -- Procedimientos psicotécnicos empleados en el estudio de la personalidad del educando -- La inteligencia, conceptos y medición -- Técnicas de medición y evolución del rendimiento escolar -- Sistemas y procedimientos de la evaluación. | ||
| 520 | _aeste libro trata de la psicotécnica pedagógica moderna que se propone como objetivo fundamental el conocimiento de los escolares, conciderando como principio básico la existencia de las diferencias | ||
| 650 | 0 |
_aPSICOTÉCNICA _93411 |
|
| 650 | 0 |
_aPEDAGÓGICA _95727 |
|
| 650 | 0 | _aFUNDAMENTOS | |
| 653 |
_aEDUCACIÓN _aPSICOTÉCNICA _aPEDAGÓGICA _aTEORÍA |
||
| 942 |
_2ddc _cBK _zCelinda Molina Chirinos |
||
| 999 |
_c931 _d931 |
||